[Event "POL-chT U19 2nd League"]
[Site "Borowice"]
[Date "2012.07.29"]
[Round "11"]
[White "Reza, Wojciech"]
[Black "Wrobel, Kamil"]
[Result "1-0"]
[WhiteElo "2070"]
[BlackElo "1527"]
[PlyCount "67"]
[EventDate "2012.07.21"]
[EventType "team-swiss"]
[EventRounds "11"]
[EventCountry "POL"]
[SourceTitle "EXT 2014"]
[Source "ChessBase"]
[SourceDate "2013.11.20"]
[SourceVersion "1"]
[SourceVersionDate "2013.11.20"]
[SourceQuality "1"]
[WhiteTeam "Radom UKS MDK U19"]
[BlackTeam "Kluczbork LKS Goniec U19"]
[WhiteTeamCountry "POL"]
[BlackTeamCountry "POL"]

1. a3 d5 2. d4 Nc6 3. Nf3 Nf6 4. Bf4 Bf5 5. e3 a6 6. c4 dxc4 7. Bxc4 e6 8. Nc3 Bd6 9. Bg5 Be7 10. 0-0 h6 11. Bh4 Bg4 12. Be2 Qd7 13. Qb3 0-0-0 14. Rac1 g5 15. Bg3 Na5 16. Qc2 Kb8 17. Ne5 Qe8 18. Nxg4 Nxg4 19. Bxg4 f5 20. Bf3 Bd6 21. Bxd6 cxd6 22. b4 Nc6 23. b5 axb5 24. Nxb5 d5 25. Qa4 g4 26. Be2 Rh7 27. Rc5 h5 28. Nc3 Rc8 29. Rb1 h4 30. Bb5 Rhc7 31. Na2 g3 32. Nb4 gxh2+ 33. Kh1 h3 34. Na6+ 1-0

[Event "POL-chT U19 2nd League"]
[Site "Borowice"]
[Date "2012.07.25"]
[Round "6"]
[White "Dadello, Krzysztof"]
[Black "Wrobel, Kamil"]
[Result "1-0"]
[WhiteElo "1790"]
[BlackElo "1527"]
[PlyCount "54"]
[EventDate "2012.07.21"]
[EventType "team-swiss"]
[EventRounds "11"]
[EventCountry "POL"]
[SourceTitle "EXT 2014"]
[Source "ChessBase"]
[SourceDate "2013.11.20"]
[SourceVersion "1"]
[SourceVersionDate "2013.11.20"]
[SourceQuality "1"]
[WhiteTeam "Wroclaw KS Polonia U19"]
[BlackTeam "Kluczbork LKS Goniec U19"]
[WhiteTeamCountry "POL"]
[BlackTeamCountry "POL"]

1. g3 e5 2. c3 Nc6 3. Bg2 Nf6 4. d4 exd4 5. cxd4 d5 6. Bg5 Be7 7. Nc3 Be6 8. Nf3 h6 9. Bf4 Bb4 10. Qb3 Ne4 11. 0-0 Bxc3 12. bxc3 Rb8 13. Nd2 g5 14. Be3 Nxd2 15. Bxd2 h5 16. f4 f6 17. fxg5 fxg5 18. Qc2 Rg8 19. e4 h4 20. exd5 Bxd5 21. Rae1+ Ne7 22. Bxd5 Qxd5 23. Qh7 Kd8 24. Qxe7+ Kc8 25. Rf8+ Rxf8 26. Qxf8+ Kd7 27. Qxb8 h3 1-0